[Event "ICS rated blitz match"]
[Site "204.178.125.65"]
[Date "2000.05.04"]
[Round "?"]
[White "Hossa"]
[Black "Weezer"]
[Result "0-1"]
[WhiteElo "2453"]
[BlackElo "2723"]
[PlyCount "146"]
[EventDate "2000.??.??"]

1. e4 c5 2. Nf3 d6 3. d4 cxd4 4. Nxd4 Nf6 5. Nc3 a6 6. Bg5 e5 7. Nf3 Be7 8. Bd3
h6 9. Bxf6 Bxf6 10. Nd5 O-O 11. O-O Be6 12. Bc4 Nc6 13. Qd3 Rc8 14. c3 Na5 15.
Nxf6+ Qxf6 16. Bxe6 Qxe6 17. b3 b5 18. Rad1 Rc6 19. Rfe1 Rfc8 20. Rc1 Nb7 21.
Qd2 Qf6 22. Re3 Nc5 23. Rd1 Qf4 24. g3 Qf6 25. Nh4 Qg5 26. Qc2 R8c7 27. Nf5 g6
28. Nh4 Ne6 29. Nf3 Qg4 30. Qe2 Rxc3 31. Rxd6 Rc1+ 32. Ne1 Qxe2 33. Rxe2 Nd4
34. Kf1 Nxe2 35. Kxe2 R1c6 36. Rd5 f6 37. f4 exf4 38. Rd8+ Kf7 39. gxf4 Rc3 40.
Rd2 Rh3 41. Kf1 Re7 42. Re2 Rh4 43. Nd3 Rd7 44. Nc5 Rxf4+ 45. Kg2 Rd6 46. Kg3
Rf1 47. e5 fxe5 48. Rxe5 Rg1+ 49. Kf2 Rc1 50. Ne4 Rd3 51. Ng3 Rd2+ 52. Re2
Rxe2+ 53. Nxe2 Ra1 54. Nc3 b4 55. Ne4 Rxa2+ 56. Kg1 Rc2 57. Nd6+ Ke7 58. Nb7
Kd7 59. Na5 Kc7 60. h3 Rc5 61. h4 Rxa5 62. Kf2 Ra3 63. h5 gxh5 64. Kg3 Rxb3+
65. Kf4 h4 66. Ke4 h3 67. Kd5 Rc3 68. Ke5 h2 69. Ke6 h1=Q 70. Kf6 Qf1+ 71. Ke5
Re3+ 72. Kd5 Qf4 73. Kc5 Re5# {Hossa checkmated} 0-1

[Event "ICS rated blitz match"]
[Site "204.178.125.65"]
[Date "2000.05.04"]
[Round "?"]
[White "Weezer"]
[Black "Hossa"]
[Result "1-0"]
[WhiteElo "2729"]
[BlackElo "2447"]
[PlyCount "123"]
[EventDate "2000.??.??"]

1. d4 d5 2. c4 e6 3. Nc3 Nf6 4. Bg5 Be7 5. e3 O-O 6. Nf3 Nbd7 7. Rc1 c6 8. Bd3
dxc4 9. Bxc4 Nd5 10. Bxe7 Qxe7 11. O-O Nxc3 12. Rxc3 e5 13. Qc2 exd4 14. exd4
Nb6 15. Re1 Qd8 16. Bb3 Nd5 17. Bxd5 Qxd5 18. Re5 Qd6 19. Rce3 h6 20. Re7 Rb8
21. Qc5 Qxc5 22. dxc5 Be6 23. b3 Rfc8 24. Ne5 Rd8 25. f4 Rd1+ 26. Kf2 Rd2+ 27.
Re2 Rd4 28. Ke3 Rd5 29. Rd2 a6 30. Rxd5 cxd5 31. Kd4 a5 32. Nd7 Rd8 33. Nb6 Rb8
34. g3 g5 35. Ke5 gxf4 36. gxf4 Bg4 37. Nd7 Bxd7 38. Rxd7 Kf8 39. Kxd5 Ke8 40.
Kd6 Rd8 41. Rxd8+ Kxd8 42. f5 h5 43. h4 f6 44. Ke6 a4 45. Kxf6 axb3 46. axb3
Ke8 47. Kg7 Ke7 48. f6+ Ke6 49. f7 Kd5 50. f8=Q Kd4 51. Qd6+ Ke3 52. Qe5+ Kd2
53. Qd5+ Ke2 54. Qxh5+ Ke3 55. Qe8+ Kd4 56. Qb5 Ke5 57. c6+ Kd4 58. cxb7 Ke3
59. b8=Q Kd2 60. Qh2+ Ke3 61. Qbe2+ Kd4 62. Qhe5# {Hossa checkmated} 1-0

[Event "ICS rated standard match"]
[Site "204.178.125.65"]
[Date "2000.05.04"]
[Round "?"]
[White "Hossa"]
[Black "Zec46"]
[Result "1-0"]
[WhiteElo "2361"]
[BlackElo "2076"]
[PlyCount "63"]
[EventDate "2000.??.??"]

1. e4 e6 2. d4 d5 3. Nc3 dxe4 4. Nxe4 Nc6 5. Nf3 b6 6. Bb5 Bb7 7. Ne5 Qd5 8.
Qe2 O-O-O 9. Bxc6 Bxc6 10. Nxf7 Qxe4 11. Qxe4 Bxe4 12. O-O Rd7 13. Nxh8 Bxc2
14. Bf4 Nh6 15. Rac1 Be4 16. Rfe1 Bd5 17. Rc2 g6 18. Rec1 c6 19. Be5 Ng4 20.
Rxc6+ Bxc6 21. Rxc6+ Kd8 22. Bg3 Rxd4 23. Kf1 Bg7 24. Nf7+ Ke8 25. Ng5 Rd1+ 26.
Ke2 Rb1 27. Rc8+ Ke7 28. Rc7+ Kf6 29. Nxh7+ Kf5 30. Rxg7 Rxb2+ 31. Kf3 Nh6 32.
Bf4 {Zec46 resigns} 1-0

[Event "ICS rated blitz match"]
[Site "204.178.125.65"]
[Date "2000.05.04"]
[Round "?"]
[White "Hossa"]
[Black "PostModernist"]
[Result "0-1"]
[WhiteElo "2451"]
[BlackElo "2665"]
[PlyCount "146"]
[EventDate "2000.??.??"]

1. e4 c6 2. d4 d5 3. Nc3 dxe4 4. Nxe4 Bf5 5. Ng3 Bg6 6. h4 h6 7. Nf3 Nd7 8. h5
Bh7 9. Bd3 Bxd3 10. Qxd3 Qc7 11. Bd2 e6 12. O-O-O Ngf6 13. Ne4 O-O-O 14. g3
Nxe4 15. Qxe4 Bd6 16. c4 c5 17. Bc3 Nf6 18. Qe2 cxd4 19. Nxd4 a6 20. Nf3 Bc5
21. Bxf6 gxf6 22. Rhf1 Qb6 23. Nd2 Kb8 24. g4 Rd4 25. Ne4 Rhd8 26. Rxd4 Bxd4
27. Kb1 f5 28. gxf5 exf5 29. Ng3 Qa5 30. f4 Bg7 31. Rd1 Rxd1+ 32. Qxd1 Qc5 33.
Qe2 Bf6 34. Qd3 Qg1+ 35. Kc2 Ka8 36. b4 Qh2+ 37. Kd1 Qxa2 38. Nxf5 Qf2 39. Nxh6
Qg1+ 40. Ke2 Qh2+ 41. Ke3 Qh3+ 42. Kd2 Qxh5 43. Nf5 Qh2+ 44. Ke3 Qb2 45. b5
Qc1+ 46. Kf3 a5 47. Kg4 Qg1+ 48. Ng3 Ka7 49. Qd2 Qb6 50. Kf3 Qd8 51. Qd5 Qxd5+
52. cxd5 a4 53. Ne2 Bb2 54. d6 Kb8 55. d7 Kc7 56. b6+ Kd8 57. Ng3 a3 58. Ne4 a2
59. Nd6 a1=Q 60. Nxb7+ Kxd7 61. Nc5+ Kc6 62. Nd3 Qd1+ 63. Ke3 Bh8 64. b7 Kxb7
65. f5 Kc6 66. Nb4+ Kb5 67. Nd3 Kc4 68. Nb4 Bd4+ 69. Kf4 Qf1+ 70. Kg4 Qg2+ 71.
Kf4 Bf6 72. Nd3 Bg5+ 73. Ke5 Qd5# {Hossa checkmated} 0-1

[Event "ICS rated blitz match"]
[Site "204.178.125.65"]
[Date "2000.05.04"]
[Round "?"]
[White "Beadle"]
[Black "Hossa"]
[Result "1-0"]
[WhiteElo "2663"]
[BlackElo "2444"]
[PlyCount "149"]
[EventDate "2000.??.??"]

1. e4 e5 2. Nf3 Nc6 3. Bb5 a6 4. Ba4 Nf6 5. O-O Be7 6. Re1 b5 7. Bb3 d6 8. c3
O-O 9. h3 Bb7 10. d4 Qd7 11. Bg5 h6 12. Bxf6 Bxf6 13. Re3 Rfe8 14. d5 Ne7 15.
Nbd2 Ng6 16. Rc1 a5 17. a4 Red8 18. axb5 Qxb5 19. Ba4 Qa6 20. c4 Qb6 21. Rb3
Qa7 22. Nf1 Rab8 23. Ne3 Nh4 24. Nd2 Bg5 25. Rcc3 Bf4 26. g3 Bxe3 27. Rxe3 Ng6
28. Kh2 Bc8 29. Rxb8 Qxb8 30. Bb5 Qb6 31. Nb3 Ba6 32. Bxa6 Qxa6 33. Nd2 Rb8 34.
b3 Qc8 35. Qa1 Ra8 36. c5 a4 37. bxa4 dxc5 38. Nc4 Qa6 39. Qa2 Qb5 40. a5 Rb8
41. a6 Ra8 42. a7 h5 43. Ra3 h4 44. gxh4 Nxh4 45. Qc2 f6 46. Kh1 Qb4 47. Qc1
Ng6 48. Ra1 Qb3 49. Ne3 Qd3 50. Qc4 Qd4 51. d6+ Kh7 52. Qxd4 exd4 53. Nd5 cxd6
54. Nb6 Re8 55. a8=Q Rxa8 56. Rxa8 Nf4 57. Kh2 Nd3 58. Kg3 Ne5 59. f4 Nd3 60.
Rd8 Nc1 61. Rxd6 Ne2+ 62. Kf3 Nc1 63. e5 fxe5 64. fxe5 Nd3 65. e6 Ne5+ 66. Ke4
Ng6 67. Nd5 Kg8 68. Rc6 c4 69. h4 d3 70. h5 Ne7 71. Nxe7+ Kh8 72. Rc8+ Kh7 73.
Ng6 Kh6 74. Kf5 Kxh5 75. Rh8# {Hossa checkmated} 1-0

[Event "ICS Rated standard match"]
[Site "204.178.125.65"]
[Date "2000.05.04"]
[Round "?"]
[White "RusMafia"]
[Black "Hossa"]
[Result "0-1"]
[WhiteElo "2224"]
[BlackElo "2366"]
[PlyCount "90"]
[EventDate "2000.??.??"]

1. e4 e5 2. Nf3 Nc6 3. Bb5 a6 4. Ba4 Nf6 5. O-O Be7 6. Re1 b5 7. Bb3 d6 8. c3
O-O 9. h3 Bb7 10. d4 Re8 11. Nbd2 Bf8 12. Bc2 g6 13. Nf1 exd4 14. cxd4 Nb4 15.
Ng3 Nxc2 16. Qxc2 c5 17. d5 Bg7 18. Rb1 Nd7 19. b3 f6 20. Bb2 Ne5 21. Nd2 Qb6
22. Kh1 a5 23. f4 Nd7 24. Nf3 a4 25. Rbd1 Qa7 26. e5 dxe5 27. fxe5 fxe5 28. Ne4
Re7 29. Neg5 Bf6 30. Ne6 Bxd5 31. Nxc5 axb3 32. axb3 Bxf3 33. Nxd7 Rxd7 34.
gxf3 Rxd1 35. Rxd1 Rf8 36. Qe4 Qf2 37. Ba3 Rf7 38. Qa8+ Kg7 39. Qc6 Bh4 40. Rd7
Qf1+ 41. Kh2 Bg3+ 42. Kxg3 Qg1+ 43. Kh4 Qe1+ 44. Kg4 h5+ 45. Kg5 Qg3# {
RusMafia checkmated} 0-1

[Event "ICS rated blitz match"]
[Site "204.178.125.65"]
[Date "2000.05.04"]
[Round "?"]
[White "Hossa"]
[Black "gimmeyoqueen"]
[Result "1-0"]
[WhiteElo "2437"]
[BlackElo "2034"]
[PlyCount "39"]
[EventDate "2000.??.??"]

1. e4 d6 2. d4 Nf6 3. Nc3 c6 4. f4 Nbd7 5. e5 dxe5 6. dxe5 Ng8 7. Nf3 e6 8. Ne4
Qc7 9. Be3 Nh6 10. Qd2 Nf5 11. Bf2 Nb6 12. g4 Nh6 13. Nd6+ Bxd6 14. exd6 Qd7
15. Ne5 Qd8 16. Bxb6 axb6 17. g5 Nf5 18. d7+ Bxd7 19. O-O-O O-O 20. a3 1-0

[Event "ICS rated blitz match"]
[Site "204.178.125.65"]
[Date "2000.05.04"]
[Round "?"]
[White "Hossa"]
[Black "chimichurri"]
[Result "1-0"]
[WhiteElo "2440"]
[BlackElo "2034"]
[PlyCount "91"]
[EventDate "2000.??.??"]

1. e4 c5 2. Nf3 d6 3. d4 cxd4 4. Nxd4 Nf6 5. Nc3 g6 6. Be3 Bg7 7. f3 O-O 8. Qd2
Nc6 9. Bc4 Bd7 10. O-O-O Rc8 11. Bb3 Ne5 12. h4 Nc4 13. Bxc4 Rxc4 14. h5 Qc7
15. hxg6 fxg6 16. Rh4 Rc8 17. Bh6 Bh8 18. Kb1 b5 19. e5 dxe5 20. Ndxb5 Bxb5 21.
Nxb5 Qb6 22. Rxc4 Rxc4 23. Qd8+ Qxd8 24. Rxd8+ Kf7 25. Rxh8 Rh4 26. Bc1 Ng8 27.
Nxa7 Kg7 28. Rxg8+ Kxg8 29. Nc6 Rh2 30. g4 Rf2 31. Nxe5 Kg7 32. a4 h5 33. gxh5
gxh5 34. f4 h4 35. Be3 Rf1+ 36. Ka2 h3 37. Ng4 Rf3 38. a5 Rg3 39. a6 Rxg4 40.
a7 h2 41. a8=Q Rg1 42. Bd4+ Kf7 43. Qd5+ Kf8 44. Qf5+ Ke8 45. Qh5+ Kd7 46. Qxh2
{chimichurri resigns} 1-0

[Event "ICS rated blitz match"]
[Site "204.178.125.65"]
[Date "2000.05.04"]
[Round "?"]
[White "prg3"]
[Black "Hossa"]
[Result "0-1"]
[WhiteElo "2235"]
[BlackElo "2443"]
[PlyCount "52"]
[EventDate "2000.??.??"]

1. d4 Nf6 2. c4 e6 3. Nc3 Bb4 4. Qc2 O-O 5. a3 Bxc3+ 6. Qxc3 d5 7. Bg5 h6 8.
Bxf6 Qxf6 9. e3 dxc4 10. Bxc4 Nd7 11. Nf3 c5 12. O-O cxd4 13. Qxd4 e5 14. Qc3
Qe7 15. e4 Qc5 16. Rac1 Qe7 17. Bd5 Re8 18. Rfd1 Nf6 19. Qc7 a5 20. Rc3 Bg4 21.
Qxb7 Nxd5 22. Qxe7 Nxe7 23. h3 Bxf3 24. Rxf3 Nc6 25. Rd5 Nd4 26. Rd3 Ne2+ {
prg3 resigns} 0-1

[Event "ICS rated blitz match"]
[Site "204.178.125.65"]
[Date "2000.05.04"]
[Round "?"]
[White "QueenMaxima"]
[Black "Hossa"]
[Result "1-0"]
[WhiteElo "2544"]
[BlackElo "2457"]
[PlyCount "141"]
[EventDate "2000.??.??"]

1. e4 e5 2. Nf3 Nc6 3. Bb5 a6 4. Ba4 Nf6 5. O-O Be7 6. Re1 b5 7. Bb3 d6 8. c3
O-O 9. h3 Na5 10. Bc2 c5 11. d4 Qc7 12. Nbd2 cxd4 13. cxd4 Nc6 14. Nb3 a5 15.
Be3 a4 16. Nbd2 Nb4 17. Bb1 Bd7 18. a3 Nc6 19. Bd3 exd4 20. Nxd4 Nxd4 21. Bxd4
Qb7 22. Re3 Rac8 23. Rg3 Bc6 24. Qf3 Ne8 25. Qh5 f5 26. exf5 Nf6 27. Qh6 Rf7
28. Re1 Rcf8 29. Qg5 Bd8 30. Nb1 Nd5 31. Qh6 Bf6 32. Bxf6 Nxf6 33. Qh4 d5 34.
Nc3 Rd8 35. Qd4 Rdf8 36. Re6 Nh5 37. Rg5 Nf6 38. Bxb5 Bxb5 39. Rb6 Qe7 40. Rxb5
Qe1+ 41. Kh2 h6 42. Rg6 Qf1 43. Rb4 Ne4 44. Nxe4 dxe4 45. Rxa4 Qc1 46. Qe5 Qd2
47. Rxe4 h5 48. Rh4 Qc2 49. Rxh5 Qxf2 50. Rhg5 Qa7 51. f6 Qb8 52. Rxg7+ Rxg7
53. Rxg7+ Kh8 54. Rc7 Qxc7 55. Qxc7 Rxf6 56. b4 Rf7 57. Qc8+ Kg7 58. b5 Ra7 59.
b6 Re7 60. h4 Kg6 61. b7 Rxb7 62. Qxb7 Kf6 63. a4 Ke5 64. a5 Kd4 65. a6 Ke3 66.
Qb6+ Ke2 67. Qd4 Ke1 68. Qd3 Kf2 69. Qd2+ Kf1 70. Kg3 Kg1 71. Qd1# {
Hossa checkmated} 1-0

[Event "ICS rated standard match"]
[Site "204.178.125.65"]
[Date "2000.05.04"]
[Round "?"]
[White "Hossa"]
[Black "C-REINOSO"]
[Result "1-0"]
[WhiteElo "2371"]
[BlackElo "2143"]
[PlyCount "30"]
[EventDate "2000.??.??"]

1. c4 Nf6 2. Nc3 e5 3. g3 Bc5 4. Bg2 O-O 5. Nf3 Re8 6. Nxe5 Bxf2+ 7. Kxf2 Rxe5
8. e4 d6 9. d4 Re8 10. Rf1 c6 11. Kg1 Bg4 12. Qb3 Qc7 13. Bf4 b6 14. c5 bxc5
15. dxc5 Na6 {C-REINOSO resigns} 1-0

[Event "ICS rated blitz match"]
[Site "204.178.125.65"]
[Date "2000.05.04"]
[Round "?"]
[White "Hossa"]
[Black "JenMan"]
[Result "1-0"]
[WhiteElo "2445"]
[BlackElo "2064"]
[PlyCount "27"]
[EventDate "2000.??.??"]

1. e4 c5 2. Nf3 Nc6 3. d4 cxd4 4. Nxd4 g6 5. Nc3 Bg7 6. Be3 Nf6 7. Bc4 Qa5 8.
O-O O-O 9. Bb3 d6 10. h3 a6 11. Nd5 Re8 12. Nxc6 bxc6 13. Bb6 Qb5 14. c4 {
JenMan resigns} 1-0

[Event "ICS rated blitz match"]
[Site "204.178.125.65"]
[Date "2000.05.04"]
[Round "?"]
[White "JenMan"]
[Black "Hossa"]
[Result "0-1"]
[WhiteElo "2061"]
[BlackElo "2448"]
[PlyCount "35"]
[EventDate "2000.??.??"]

1. d4 d5 2. Bg5 f6 3. Bh4 Nd7 4. Nf3 g5 5. Bg3 h5 6. h4 g4 7. Nfd2 e5 8. c4
exd4 9. Qc2 Ne7 10. cxd5 Ne5 11. e4 dxe3 12. fxe3 Qxd5 13. Nc3 Qc5 14. O-O-O
Qxe3 15. Nce4 Bf5 16. Re1 Bxe4 17. Qxe4 Qxg3 18. Bb5+ {JenMan resigns} 0-1

[Event "ICS Rated Blitz match"]
[Site "131.246.89.4"]
[Date "2000.05.04"]
[Round "?"]
[White "OliThink"]
[Black "Hossa"]
[Result "0-1"]
[WhiteElo "1996"]
[BlackElo "2087"]
[PlyCount "71"]
[EventDate "2000.??.??"]

1. e4 e5 2. Nf3 Nc6 3. c3 Nf6 4. d4 Nxe4 5. d5 Nb8 6. Nxe5 Bc5 7. Qg4 Nxf2 8.
Qxg7 Rf8 9. Bg5 f6 10. Qxh7 fxg5 11. Qg6+ Ke7 12. Qxg5+ Rf6 13. Ng4 Nxg4 14.
Qxg4 Kf8 15. Kd2 d6 16. Qh5 Rf2+ 17. Be2 Qf6 18. Kc1 Qe5 19. Qxe5 dxe5 20. Re1
Be3+ 21. Kc2 Rxg2 22. Kb3 Rxh2 23. Bf3 Bf4 24. Na3 a5 25. Nb5 Na6 26. a4 Bd7
27. Ra2 Nc5+ 28. Kc4 Bxb5+ 29. axb5 Rf2 30. Rh1 Kg7 31. Rh3 b6 32. Ra1 Rxb2 33.
Rg1+ Kf6 34. Rg2 Rxg2 35. Bxg2 Rg8 36. Bf3 {OliThink resigns} 0-1

[Event "ICS rated blitz match"]
[Site "204.178.125.65"]
[Date "2000.05.04"]
[Round "?"]
[White "Hossa"]
[Black "StrongBach"]
[Result "1-0"]
[WhiteElo "2451"]
[BlackElo "1696"]
[PlyCount "131"]
[EventDate "2000.??.??"]

1. e4 e5 2. Nf3 Nf6 3. Nxe5 d6 4. Nf3 Nxe4 5. d4 Bd7 6. Bd3 d5 7. O-O Bb4 8. c3
Be7 9. c4 Bc6 10. Re1 f5 11. cxd5 Bxd5 12. Nc3 Nxc3 13. bxc3 O-O 14. Ne5 Qd6
15. Bc4 Bxc4 16. Nxc4 Qf6 17. Qb3 Kh8 18. Qxb7 Qc6 19. Qxc6 Nxc6 20. d5 Bf6 21.
dxc6 Bxc3 22. Bb2 Bxe1 23. Rxe1 Rad8 24. f4 Rf7 25. Ne5 Rf6 26. Ba3 Rd2 27. Nd7
h5 28. Re8+ Kh7 29. Nxf6+ gxf6 30. Re7+ Kg6 31. Rxc7 Rd1+ 32. Kf2 Rd2+ 33. Kf1
a5 34. Ra7 Rc2 35. Rxa5 Rxc6 36. Bc5 Kg7 37. a4 Kg8 38. Bb4 Rc4 39. Bd2 Rd4 40.
Ke2 Kg7 41. Be3 Rc4 42. Kd3 Rb4 43. Ra7+ Kh6 44. Bc5 Rb3+ 45. Kc4 Rb8 46. Ra6
Kg6 47. Rc6 Ra8 48. Kb5 h4 49. Rb6 Re8 50. Bd4 Kh5 51. Rxf6 Kg4 52. Be5 Rg8 53.
a5 h3 54. gxh3+ Kxh3 55. Rh6+ Kg4 56. a6 Re8 57. a7 Rd8 58. Bb8 Rd3 59. a8=Q
Rb3+ 60. Kc4 Rc3+ 61. Kd5 Rc5+ 62. Ke6 Rc6+ 63. Kd7 Rxh6 64. Qg2+ Kh4 65. Qg5+
Kh3 66. Qg3# 1-0

[Event "ICS rated bullet match"]
[Site "204.178.125.65"]
[Date "2000.05.04"]
[Round "?"]
[White "Hossa"]
[Black "PostModernist"]
[Result "0-1"]
[WhiteElo "2282"]
[BlackElo "2509"]
[PlyCount "162"]
[EventDate "2000.??.??"]

1. e4 c6 2. d4 d5 3. Nc3 dxe4 4. Nxe4 Bf5 5. Ng3 Bg6 6. h4 h6 7. Nf3 Nd7 8. h5
Bh7 9. Bd3 Bxd3 10. Qxd3 e6 11. Bd2 Qc7 12. O-O-O Ngf6 13. Ne2 O-O-O 14. Qb3
Bd6 15. c4 Qb6 16. Qa4 Bc7 17. Kb1 Kb8 18. Rh4 c5 19. Be3 e5 20. d5 e4 21. Nd2
Rhe8 22. Qc2 Be5 23. b3 Qa6 24. Nxe4 Nxe4 25. Rxe4 f5 26. Rh4 Qf6 27. Rh3 Rf8
28. Nf4 Rf7 29. Ne6 Rc8 30. Rf3 g5 31. hxg6 Qxg6 32. Rh3 Qxg2 33. Rxh6 f4 34.
Bc1 Rg8 35. Rh4 Qf3 36. Bb2 Bxb2 37. Kxb2 a6 38. Rdh1 Rg2 39. Rh8+ Ka7 40. Rf1
b6 41. Rc8 Ne5 42. Ka1 Nd3 43. Nd8 Rd7 44. Nc6+ Kb7 45. Rb8+ Kc7 46. Ra8 Rxf2
47. Rxf2 Qh1+ 48. Qb1 Qxb1+ 49. Kxb1 Nxf2 50. Rxa6 Ng4 51. Ra8 f3 52. Rf8 f2
53. Kc1 Rh7 54. Kd2 Rh1 55. Rf7+ Kd6 56. Ne7 f1=Q 57. Nc8+ Ke5 58. Rxf1 Rxf1
59. Nxb6 Rf2+ 60. Kc3 Rxa2 61. Nd7+ Kd6 62. Nb6 Ne3 63. Na4 Nc2 64. Kd3 Nb4+
65. Ke4 Ra3 66. Nc3 Rxb3 67. Nb5+ Kd7 68. Ke5 Nd3+ 69. Kf5 Nb2 70. Na7 Nxc4 71.
Kg5 Kd6 72. Nc8+ Kxd5 73. Ne7+ Ke4 74. Kg4 Rb7 75. Ng6 Ne5+ 76. Kg3 Nxg6 77.
Kf2 Rb2+ 78. Ke1 Ne5 79. Kd1 Ke3 80. Kc1 Nd3+ 81. Kd1 Rd2# {Hossa checkmated}
0-1

[Event "ICS rated standard match"]
[Site "204.178.125.65"]
[Date "2000.05.04"]
[Round "?"]
[White "Hossa"]
[Black "JudgeTurpin"]
[Result "0-1"]
[WhiteElo "2378"]
[BlackElo "2458"]
[PlyCount "120"]
[EventDate "2000.??.??"]

1. e4 c5 2. Nf3 e6 3. d4 cxd4 4. Nxd4 Nc6 5. Nc3 a6 6. Be2 Qc7 7. Be3 Nf6 8.
O-O Be7 9. Qd2 O-O 10. Bg5 b5 11. Nxc6 dxc6 12. Qe3 e5 13. Rad1 Be6 14. f4 h6
15. Bxf6 exf4 16. Rxf4 Bxf6 17. Rxf6 gxf6 18. Qxh6 Rad8 19. Qxf6 Rxd1+ 20. Nxd1
Qd8 21. Qf2 Qd6 22. a4 Rd8 23. Ne3 Qe5 24. axb5 axb5 25. b3 Ra8 26. Bf1 Qxe4
27. Qg3+ Kf8 28. c4 bxc4 29. bxc4 Qd4 30. Kh1 Ra1 31. h3 f6 32. Qb8+ Kf7 33.
Qg3 Bxc4 34. Qc7+ Kg8 35. Qc8+ Kh7 36. Qc7+ Kh8 37. Qc8+ Bg8 38. Qf5 Qe5 39.
Qf2 Bh7 40. Qd2 Bf5 41. Kg1 Kg7 42. Qe2 Be6 43. Qf2 Qc5 44. g4 Qe5 45. Nc2 Ra2
46. Bg2 Bb3 47. Qb6 Bxc2 48. Qb4 Rb2 49. Qa3 Rb1+ 50. Bf1 Qd4+ 51. Kh2 Qf4+ 52.
Qg3 Qxf1 53. Qe3 Qh1+ 54. Kg3 Rb3 55. Qxb3 Qe1+ 56. Kg2 Bxb3 57. h4 Bd5+ 58.
Kh3 Qe3+ 59. Kh2 Qf2+ 60. Kh3 Qg2# {Hossa checkmated} 0-1

[Event "ICS rated blitz match"]
[Site "204.178.125.65"]
[Date "2000.05.04"]
[Round "?"]
[White "PostModernist"]
[Black "Hossa"]
[Result "1-0"]
[WhiteElo "2675"]
[BlackElo "2451"]
[PlyCount "107"]
[EventDate "2000.??.??"]

1. d4 d5 2. Nf3 Nf6 3. e3 e6 4. Bd3 c5 5. b3 Nc6 6. O-O Bd7 7. Ba3 b6 8. Nc3 a6
9. dxc5 Bxc5 10. Bxc5 bxc5 11. Na4 e5 12. Be2 e4 13. Ne1 Qa5 14. Nb2 O-O 15. c3
Qxc3 16. Na4 Qa5 17. Rc1 c4 18. Nc3 Ne5 19. b4 Qa3 20. Nxd5 Nxd5 21. Nc2 Qxa2
22. Qxd5 Rfe8 23. Nd4 Rac8 24. Ra1 Qd2 25. Rxa6 Rcd8 26. Qc5 Rb8 27. Rb1 g6 28.
Ra7 Rbc8 29. Rc7 Qa2 30. Rd1 Rxc7 31. Qxc7 Ba4 32. Rf1 Bb3 33. b5 f5 34. b6 Qa3
35. b7 Qa7 36. Rc1 f4 37. exf4 e3 38. Nxb3 exf2+ 39. Kf1 cxb3 40. fxe5 b2 41.
Rb1 Rb8 42. Bc4+ Kh8 43. e6 h6 44. e7 Qxb7 45. Qxb7 Rxb7 46. e8=Q+ Kg7 47. Rxb2
Ra7 48. Qg8+ Kf6 49. Rxf2+ Ke7 50. Rf7+ Kd6 51. Qf8+ Ke5 52. Qc5+ Ke4 53. Qd5+
Ke3 54. Qd3# {Hossa checkmated} 1-0

[Event "ICS Rated blitz match"]
[Site "204.178.125.65"]
[Date "2000.05.04"]
[Round "?"]
[White "Hossa"]
[Black "PostModernist"]
[Result "1/2-1/2"]
[WhiteElo "2444"]
[BlackElo "2682"]
[PlyCount "177"]
[EventDate "2000.??.??"]

1. e4 c5 2. Nf3 d6 3. d4 Nf6 4. Nc3 cxd4 5. Nxd4 Nc6 6. Bg5 e6 7. Bb5 Bd7 8.
O-O Be7 9. Qd3 O-O 10. Bxc6 bxc6 11. Rad1 Rb8 12. Nb3 d5 13. Rfe1 h6 14. Bh4
Rb4 15. a3 Rb8 16. e5 Nh7 17. Bxe7 Qxe7 18. Qd4 Be8 19. Rb1 f6 20. Qe3 Ng5 21.
f4 Nh7 22. exf6 Rxf6 23. g3 g5 24. f5 Rxf5 25. Qxe6+ Qxe6 26. Rxe6 Rf6 27. Re7
Bg6 28. Rc1 a6 29. Rc7 Bxc2 30. Nd4 Bd3 31. b4 Bb5 32. Ncxb5 cxb5 33. Nc6 Rbf8
34. Ne7+ Kh8 35. Nxd5 Rd6 36. Ne7 g4 37. R7c6 Rxc6 38. Rxc6 Rf6 39. Kg2 Kg7 40.
Rc7 Kh8 41. Rc3 Re6 42. Rc8+ Kg7 43. Nf5+ Kg6 44. Nd4 Re4 45. Rc6+ Nf6 46. Ne6
Re2+ 47. Kg1 Re1+ 48. Kf2 Ra1 49. Rxa6 Ra2+ 50. Kf1 Ra1+ 51. Ke2 Ra2+ 52. Kd3
Rxh2 53. a4 bxa4 54. Nf4+ Kf7 55. Rxa4 Nh5 56. Ra7+ Kf8 57. Nxh5 Rxh5 58. Kc4
Rh1 59. Ra8+ Kf7 60. Kb5 h5 61. Rc8 Rh3 62. Rc3 h4 63. Rc7+ Kf6 64. gxh4 Rxh4
65. Rc8 g3 66. Rf8+ Ke5 67. Rg8 Kf4 68. Rxg3 Kxg3 69. Kc5 Rh5+ 70. Kc6 Rh6+ 71.
Kc7 Rh7+ 72. Kc6 Rh8 73. b5 Rh6+ 74. Kc5 Rh1 75. b6 Rb1 76. Kc6 Rc1+ 77. Kb7
Kf4 78. Ka7 Ra1+ 79. Kb7 Kg5 80. Kc7 Rc1+ 81. Kb7 Kf6 82. Ka7 Ra1+ 83. Kb8 Rd1
84. b7 Ke7 85. Ka7 Rd7 86. Ka8 Rd8+ 87. Ka7 Rf8 88. b8=Q Rxb8 89. Kxb8 1/2-1/2

[Event "ICS rated blitz match"]
[Site "204.178.125.65"]
[Date "2000.05.04"]
[Round "?"]
[White "PostModernist"]
[Black "Hossa"]
[Result "1-0"]
[WhiteElo "2672"]
[BlackElo "2454"]
[PlyCount "131"]
[EventDate "2000.??.??"]

1. d4 d5 2. Nf3 Nf6 3. e3 e6 4. Bd3 c5 5. O-O c4 6. Be2 Nbd7 7. b3 cxb3 8. axb3
Be7 9. Qd3 Ne4 10. Nbd2 f5 11. Ba3 Bxa3 12. Rxa3 g5 13. Rfa1 g4 14. Ne1 a6 15.
f3 gxf3 16. Nexf3 Rg8 17. c4 Qe7 18. cxd5 exd5 19. Ra5 Ndf6 20. Ne5 Bd7 21.
Ndf3 Qg7 22. Bf1 Rc8 23. Nxd7 Qxd7 24. Ne5 Qe6 25. b4 Ng4 26. Nxg4 fxg4 27. b5
g3 28. bxa6 gxh2+ 29. Kxh2 b6 30. R5a3 Kf7 31. a7 Ra8 32. Qa6 Qf6 33. Qb7+ Kg6
34. R3a2 Qf7 35. Qxb6+ Kg7 36. Bd3 Nf2 37. Rf1 Ng4+ 38. Kg3 Nf6 39. Rf3 Rgf8
40. Kh2 Qe7 41. Kg1 Kg8 42. Ra6 Kg7 43. Bc2 h5 44. Bb3 Rf7 45. Bxd5 Nxd5 46.
Qh6+ Kg8 47. Rg6+ Rg7 48. Rxg7+ Qxg7 49. Qe6+ Kh7 50. Rf7 Rxa7 51. Rxg7+ Kxg7
52. Qxd5 Kh6 53. Qe6+ Kg7 54. d5 Ra2 55. d6 Ra1+ 56. Kf2 Ra8 57. d7 Rf8+ 58.
Kg3 Ra8 59. Kh4 Ra4+ 60. g4 Ra8 61. gxh5 Rb8 62. Qe5+ Kf7 63. Qxb8 Ke6 64. d8=Q
Kf5 65. Qd5+ Kf6 66. Qbe5# {Hossa checkmated} 1-0

[Event "ICS rated blitz match"]
[Site "204.178.125.65"]
[Date "2000.05.05"]
[Round "?"]
[White "Tinker"]
[Black "Hossa"]
[Result "0-1"]
[WhiteElo "2542"]
[BlackElo "2447"]
[PlyCount "130"]
[EventDate "2000.??.??"]

1. e4 e5 2. Nc3 Nf6 3. Nf3 Nc6 4. Bc4 Bb4 5. Nd5 Ba5 6. Nc3 Bxc3 7. dxc3 O-O 8.
Qe2 d6 9. Bg5 Bg4 10. O-O Na5 11. Bd3 a6 12. h3 Bh5 13. Rfd1 Qe7 14. g4 Bg6 15.
Nh4 h6 16. Nxg6 fxg6 17. b4 hxg5 18. bxa5 Rab8 19. Qe3 Nd7 20. Qe2 Rf4 21. Bc4+
Kh8 22. Rd3 Nc5 23. Re3 Rbf8 24. Rf1 c6 25. Rd1 Rxf2 26. Qxf2 Rxf2 27. Kxf2
Nxe4+ 28. Rxe4 d5 29. Bxd5 cxd5 30. Re3 Qc5 31. a3 Kh7 32. Rd2 Qxa5 33. Rd1 Qc5
34. Rd2 e4 35. a4 a5 36. Rd4 Kg8 37. Ke2 Kf7 38. Kf2 Ke6 39. Rdd3 b5 40. axb5
Qxb5 41. Rd4 Qb2 42. Rd2 Ke5 43. Rde2 Qa2 44. Kg2 a4 45. Kf2 Qc4 46. Ke1 a3 47.
Kd2 Kd6 48. Re1 a2 49. Rc1 d4 50. cxd4 Qxd4+ 51. Ke2 Qb2 52. Re1 Kd5 53. Rd1+
Ke5 54. Kd2 Qd4+ 55. Ke2 Qxd1+ 56. Kxd1 a1=Q+ 57. Ke2 Qc1 58. Rc3 Kf4 59. Rc7
Qe3+ 60. Kd1 Qxh3 61. Rf7+ Kxg4 62. Ke2 Qc3 63. Kd1 Qd4+ 64. Ke2 Qc4+ 65. Ke3
Qxf7 {Tinker resigns} 0-1